| 000 | 00658cam a2200241 4500 | ||
|---|---|---|---|
| 008 | 090401t1968 xxu||||| |||| 00| 0 eng d | ||
| 020 | _a0117210838 | ||
| 035 | _a(Sirsi) u85857 | ||
| 041 | _aeng | ||
| 050 | _a690 | ||
| 110 |
_aBuilding Research Station _9203 |
||
| 245 | _aDurability of metals in natural waters. | ||
| 260 |
_aGarston, Herts _bBuilding Research Station _c1968 |
||
| 300 | _a8p. ; 30cm. | ||
| 350 | _a0 | ||
| 490 |
_aBuilding Research Station Digest _v98 |
||
| 650 | _aCORROSION | ||
| 650 | _aBUILT ENVIRONMENT-BUILDING MATERIALS-METAL | ||
| 650 | _aWATER | ||
| 690 | _aBUILT ENVIRONMENT | ||
| 942 | _n0 | ||
| 948 | _c28/04/1998 | ||
| 999 |
_c97081 _d97081 |
||